Statistics for Name a Three to Seven Letter Word A-Z

Click here to take the quiz!

General Stats

  • This quiz has been taken 40,574 times
  • The average score is 104 of 130

Answer Stats

# Letters# PossibleExampleWords% Correct
A376art
99%
B353bat
98%
C339cat
96%
D351dog
96%
B4262been
96%
F350few
95%
C4237came
95%
A5513about
94%
D4239down
94%
A4196away
94%
B5621begin
94%
E340eat
94%
F4195from
93%
M350man
93%
C5681could
93%
G345get
93%
H350him
93%
H4191have
92%
L345lot
92%
P364pot
92%
G4195good
92%
T357two
91%
F5441first
91%
S364sat
91%
M4220more
91%
L4215like
91%
D5470doing
91%
N335not
91%
B61113before
91%
N4108name
90%
C61335called
90%
G5433great
90%
E4106even
90%
O348one
90%
J323job
90%
R350rat
90%
H5349house
89%
S4362said
89%
J489just
89%
I320ill
89%
P4267part
89%
A6854always
89%
E5198earth
88%
M5460might
88%
L5416light
88%
R4185room
88%
T4254that
88%
S51084sight
87%
W338wet
87%
K329kin
87%
F6723father
87%
K4130know
87%
D6835during
86%
P5581place
86%
B71668between
86%
T5567there
86%
Q556queen
85%
H6592having
85%
C72127country
85%
G6697ground
85%
N5208never
85%
O4112only
85%
W4168wish
85%
R5434right
84%
M6825moment
84%
E6465enough
83%
Y328yet
83%
L6661little
83%
I459into
83%
S61848should
83%
P61085people
82%
W5303which
82%
F71071friends
82%
J5139judge
82%
O5185other
81%
T6930though
81%
V323via
81%
D71282dollars
81%
R6961rather
80%
V475very
80%
K5220kings
79%
I6294indeed
79%
J6219joined
79%
I5120ideas
79%
G71003general
78%
H7896himself
78%
Y474your
78%
P71844present
78%
N6305nature
78%
A71292against
78%
S72742several
77%
U5123under
77%
U440upon
77%
Z316zee
77%
M71281morning
77%
W6472within
76%
E7830english
76%
R71425replied
75%
L7846looking
75%
O6341others
75%
Q688quoted
74%
J7312justice
73%
V5167voice
73%
T71399through
73%
N7479nothing
72%
Z435zone
72%
Q415quit
72%
K6295killed
72%
W7714without
71%
U317use
71%
Z556zebra
70%
Y5100young
70%
I7517instead
70%
V6286virtue
69%
O7645opinion
68%
Q33qat
67%
U6359united
66%
K7338keeping
66%
Q7131quickly
64%
Y6103yellow
64%
V7383various
62%
Z687zodiac
62%
U7557usually
56%
Y796younger
54%
Z7134zealous
48%
X513xenon
47%
X615xenial
26%
X31xis
19%
X717xanthic
18%
X41xyst
16%

Score Distribution

Percentile by Number Answered

Percent of People with Each Score

Your Score History

You have not taken this quiz